000 00505nam a22001817a 4500
005 20260130130521.0
008 260130b |||||||| |||| 00| 0 eng d
020 _a9789393330185
_c1325.00
040 _aMAIN
041 _aEnglish
082 _a512.482
_bPOL
100 _aPollatsek, Harriet
_926112
245 _aLie Groups
_b: A Problem oriented introduction via matrix groups
260 _aHyderabad
_bUniversity Press
_c2022
300 _a173
_bVol13
650 _aMathematics
_9133
942 _cBK
999 _c60162
_d60162